Are they bald or not? - Statistics

General Stats
  • This quiz has been taken 58 times
  • The average score is 11 of 15
Answer Stats
Question Answer % Correct
Bald or Not?? Yes
100%
Bald or Not?? Most likely not but can't know for sure
94%
Bald or Not?? Yes
94%
Bald or Not?? They're faking
89%
Bald or Not?? Yes
89%
Bald or Not?? NO
83%
Bald or Not?? No it's fake
83%
Bald or Not?? Yes
83%
Bald or Not?? NO
72%
Bald or Not?? Yes
72%
Bald or Not?? Nope
67%
Bald or Not?? Yes, he's got a shiny head
67%
Who rocks it better Mr.Njei
50%
Bald or Not?? NO
50%
Bald or Not?? NO
50%
No matching quizzes found
Score Distribution
Percent of People with Each Score
Percentile by Number Answered
Your Score History
You have not taken this quiz